| 000 | 00609nam a2200181Ia 4500 | ||
|---|---|---|---|
| 008 | 090123s9999 xx 000 0 und d | ||
| 082 | _b41417 | ||
| 100 | _aरघशेट्टी सुरेश | ||
| 245 | _aसांग माझ्या कानात | ||
| 250 | _a1 | ||
| 260 |
_bशिवम प्रकाशन _c2007 |
||
| 300 | _a288 | ||
| 600 | _aरघशेट्टी सुरेश | ||
| 630 | _aसांग माझ्या कानात | ||
| 700 | _aरघशेट्टी सुरेश | ||
| 730 | _aसांग माझ्या कानात | ||
| 942 | _cBOOK | ||
| 999 |
_c79492 _d79492 |
||